00803 2200181 4500245005900000020002200059250001100081100001700092700001600109650001700125005001900142260003700161041001400198084001000212300002300222500036700245336000900612 aBahasa Korea untuk Wisatawan K-POPcYongjun, AhnhText a978-602-486-815-4 aCet. 1 aYongjun, Ahn aEva Latifah aBahasa Korea a20240110112305 aJakartabPenerbit Erlanggac2020 aIndonesia a495.7 a224 hlm. :c21 cm. aBuku ini adalah panduan perjalanan yang mengajarkan kalian cara berkomunikasi dalam bahasa Korea dengan menggunakan ungkapan bahasa Korea yang sederhana dan akurat. Buku ini tidak hanya cocokbagi mereka yang jalan-jalan ke Korea, tetapi juga bagi ara pemula yang baru belajar bahasa Korea. Buku ini akan meningkatkan rasa percaya diri dalam belajar bahasa Korea. atext